| 000 | 01218cab a22003615a 4500 | ||
|---|---|---|---|
| 001 | 12453259 | ||
| 003 | EG-ScBUE | ||
| 005 | 20220627124645.0 | ||
| 008 | 010626t2002 maua f 001 0 eng d | ||
| 020 | _a0030339871 (pbk.) | ||
| 020 | _a9780030339875 | ||
| 040 |
_aDLC _beng _erda _cDLC _dDLC _dEG-ScBUE |
||
| 082 | 0 | 4 |
_a428.64 _bZUK _222 |
| 100 | 1 |
_aZukowski-Faust, Jean, _eauthor. _9997 |
|
| 245 | 1 | 0 |
_aSteps to academic reading. _n1, _pSteps and plateaus / _cJean Zukowski/Faust, Northern Arizona University. |
| 250 | _aSecond edition. | ||
| 264 | 1 |
_aBoston, Massachusetts : _bHeinle, _c[2002] |
|
| 264 | 4 | _cc2002 | |
| 300 |
_a280 pages : _billustrations ; _c24 cm |
||
| 336 |
_2rdacontent _atext _btxt |
||
| 337 |
_2rdamedia _aunmediated _bn |
||
| 338 |
_2rdacarrier _avolume _bnc |
||
| 490 | _aSteps to academic reading series | ||
| 500 | _aIncludes index. | ||
| 590 | _ayassmeen ashraf | ||
| 650 | 7 |
_aEnglish language _vTextbooks for foreign speakers. _2BUEsh _943 |
|
| 651 | _2BUEsh | ||
| 653 |
_cAugust2015 _bHHUUEENN |
||
| 655 |
_vReading book _934232 |
||
| 906 |
_a7 _bcbc _corignew _d3 _eepcn _f20 _gy-gencatlg |
||
| 942 |
_2ddc _cBB |
||
| 999 |
_c10262 _d10262 |
||